Responsabilidad de la enseñanza superior con respecto a las exigencias del desarrollo y de la democratización de la educación superior en América Latina (universidad y crítica de la cultura en América Latina)
Kaydedildi:
| Yazar: | |
|---|---|
| Materyal Türü: | Metin |
| Baskı/Yayın Bilgisi: |
S.D.:
S.D.
|
| Etiketler: |
Etiketle
Etiket eklenmemiş, İlk siz ekleyin!
|
MARC
| LEADER | 00000 a a2200000 04500 | ||
|---|---|---|---|
| 001 | 21091 | ||
| 003 | |||
| 040 | |||
| 090 | |a 091200 | ||
| 100 | |a Najenson, José Luis | ||
| 245 | |a Responsabilidad de la enseñanza superior con respecto a las exigencias del desarrollo y de la democratización de la educación superior en América Latina (universidad y crítica de la cultura en América Latina) | ||
| 260 | |a S.D.: |b S.D. | ||
| 300 | |a 18 p. | ||
| 999 | |c 11473 |d 11473 | ||
